Library Banner

Islam and its political system (Record no. 10901)

MARC details
000 -LEADER
fixed length control field 00366nam a2200157Ia 4500
001 - CONTROL NUMBER
control field 9830
008 - FIXED-LENGTH DATA ELEMENTS--GENERAL INFORMATION
fixed length control field 140327s9999 xx 000 0 und d
040 ## - CATALOGING SOURCE
Transcribing agency PK-LaUMT
082 ## - DEWEY DECIMAL CLASSIFICATION NUMBER
Classification number 297
Item number MUH-I
100 ## - MAIN ENTRY--PERSONAL NAME
Personal name Mohammad Muselhuddin
245 ## - TITLE STATEMENT
Title Islam and its political system
Statement of responsibility, etc Mohammad Muselhuddin
260 ## - PUBLICATION, DISTRIBUTION, ETC. (IMPRINT)
Date of publication, distribution, etc 1991
300 ## - PHYSICAL DESCRIPTION
Extent 132 p.
546 ## - LANGUAGE NOTE
Language note EN
942 ## - ADDED ENTRY ELEMENTS (KOHA)
Koha item type Books
Holdings
Withdrawn status Lost status Damaged status Not for loan Home library Current library Date acquired Total Checkouts Full call number Barcode Checked out Date last seen Date checked out Price effective from Koha item type
        UMT Main Campus UMT Main Campus 2014-03-27 1 297 MUH-I 8946 2019-12-11 2019-11-27 2019-11-27 2014-03-27 Books